[Event "33rd World Open"]
[Site "Philadelphia USA"]
[Date "2005.06.28"]
[Round "1"]
[White "Sena,J"]
[Black "Fedorowicz,J"]
[Result "1/2-1/2"]
[WhiteElo "2209"]
[BlackElo "2513"]

1.e4 c5 2.Nf3 Nc6 3.d4 cxd4 4.Nxd4 Nf6 5.Nc3 d6 6.Bg5 e6 7.Qd2 a6 8.O-O-O Bd7
9.f4 b5 10.Bxf6 gxf6 11.Nxc6 Bxc6 12.Qe3 Qe7 13.Bd3 Qa7 14.Qe2 Be7 15.f5 b4
16.Nb1  1/2-1/2

[Event "Skanska"]
[Site "Brno CZE"]
[Date "2005.07.04"]
[Round "5"]
[White "Laznicka,V"]
[Black "Slaby,J"]
[Result "0-1"]
[WhiteElo "2480"]
[BlackElo "2403"]

1.e4 c5 2.Nf3 d6 3.d4 cxd4 4.Nxd4 Nf6 5.Nc3 Nc6 6.Bg5 e6 7.Qd2 Be7 8.O-O-O O-O
9.f4 Nxd4 10.Qxd4 Qa5 11.Bc4 Bd7 12.Bb3 Bc6 13.Rhf1 h6 14.Bh4 Qh5 15.Bg3 b5
16.f5 e5 17.Qd3 Rac8 18.Kb1 a5 19.Nd5 Bxd5 20.Bxd5 Nxd5 21.Qxd5 Rc5 22.Qd3 Rfc8
23.Rd2 b4 24.Bf2 Rc4 25.h3 f6 26.g4 Qe8 27.Rfd1 Qc6 28.Re2 Kh7 29.h4 a4 30.Rdd2 b3
31.a3 d5 32.exd5 Qb7 33.c3 Bxa3 34.d6 Bxb2 35.Qd5 Qxd5 36.Rxd5 Bxc3 37.d7 Ra8
38.d8=Q Rxd8 39.Rxd8 a3 40.Rd3 a2+ 41.Rxa2 bxa2+ 42.Kxa2 Ba5 43.g5 hxg5 44.hxg5 Rc2+  0-1

[Event "ch-SCO"]
[Site "Oban SCO"]
[Date "2005.07.04"]
[Round "3"]
[White "Kafka,G"]
[Black "Muir,A"]
[Result "1/2-1/2"]
[WhiteElo "2104"]
[BlackElo "2322"]

1.e4 c5 2.Nf3 Nc6 3.d4 cxd4 4.Nxd4 Nf6 5.Nc3 d6 6.Bg5 e6 7.Qd2 Be7 8.O-O-O O-O
9.f4 Nxd4 10.Qxd4 Qa5 11.Bc4 Bd7 12.e5 dxe5 13.fxe5 Bc6 14.Bd2 Nd7 15.Nd5 Qd8
16.Nxe7+ Qxe7 17.Rhe1 Nb6 18.Bf1 Rfd8 19.Qg4 Qc5 20.Qb4 Qf2 21.Qf4 Qg1 22.Bd3 Qd4
23.Qxd4 Rxd4 24.Bf1 Rg4 25.h3 Rd4 26.Be3 Rxd1+  1/2-1/2

[Event "4th Open"]
[Site "La Fere FRA"]
[Date "2005.07.05"]
[Round "5"]
[White "Slingerland,C"]
[Black "Bitalzadeh,A"]
[Result "0-1"]
[WhiteElo "2065"]
[BlackElo "2317"]

1.e4 c5 2.Nf3 d6 3.d4 cxd4 4.Nxd4 Nf6 5.Nc3 Nc6 6.Bg5 e6 7.Qd2 Be7 8.O-O-O Nxd4
9.Qxd4 O-O 10.f4 Qa5 11.Bd3 h6 12.Bh4 e5 13.fxe5 dxe5 14.Qa4 Qc5 15.Qb5 Qd4
16.Kb1 a6 17.Qa4 Bg4 18.Rdf1 Rad8 19.Bxf6 Qxa4 20.Nxa4 Bxf6 21.Nc5 Bc8 22.Rf3 Be7
23.Na4 Bg4 24.Rf2 Be6 25.Rhf1 g6 26.Nc3 Bb4 27.Ne2 f5 28.g3 fxe4 29.Rxf8+ Bxf8
30.Bxe4 Bc4 31.Bd3 Rxd3 32.cxd3 Bxd3+ 33.Kc1 Bxe2 34.Re1 Bf3 35.Rxe5 Kf7
36.a3 Bc6 37.Re2 Bd6 38.Kd2 Kf6 39.Kc3 g5 40.Kd4 Bf3 41.Re8 Kf5 42.Ke3 Bc6
43.Rd8 Be5 44.b3 Kg4 45.Kf2 Kh3 46.Kg1 h5 47.Rd2 Bc3 48.Rc2 Bd4+ 49.Kf1 Be4
50.Rd2 Be3 51.Rb2 Bd3+ 52.Ke1 g4 53.b4 Bg1 54.Rd2 Be4 55.Re2 Bf3 56.Re5 Bxh2
57.Rxh5+ Kg2  0-1

[Event "VISUS Open"]
[Site "Prague CZE"]
[Date "2005.07.06"]
[Round "5"]
[White "Zeleny,T"]
[Black "Hausner,I"]
[Result "1/2-1/2"]
[WhiteElo "2286"]
[BlackElo "2432"]

1.e4 c5 2.Nf3 d6 3.d4 cxd4 4.Nxd4 Nf6 5.Nc3 Nc6 6.Bg5 e6 7.Qd2 a6 8.O-O-O Bd7
9.f4 Be7 10.Nf3 b5 11.Kb1 b4 12.Bxf6 Bxf6 13.Ne2 Be7 14.Ned4 O-O 15.e5 dxe5
16.fxe5 Qc7 17.Qe3 Rfd8 18.Bd3 Be8 19.Qe4 g6 20.h4 Nxd4 21.Nxd4 Qb6 22.Nf3 Bc6
23.Qf4 Bxf3 24.Qxf3 Qc7 25.Rdf1 Bf8 26.h5 Bg7 27.hxg6 hxg6 28.a3 bxa3 29.Bxg6 fxg6
30.Qh3 Bxe5 31.Qxe6+ Kg7 32.Rf7+ Qxf7 33.Qxe5+ Qf6 34.Rh7+ Kxh7 35.Qxf6  1/2-1/2

[Event "34th TCh-GRE"]
[Site "Ermioni Argolidas GRE"]
[Date "2005.07.08"]
[Round "5"]
[White "Kotronias,V"]
[Black "Pountzas,H"]
[Result "1-0"]
[WhiteElo "2587"]
[BlackElo "2258"]

1.e4 c5 2.Nf3 d6 3.d4 cxd4 4.Nxd4 Nf6 5.Nc3 Nc6 6.Bg5 Bd7 7.Be2 Qa5 8.Bxf6 gxf6
9.O-O Rg8 10.Nd5 Bh3 11.Bf3 Ne5 12.Ne3 Bh6 13.Ndf5 Bxe3 14.Nxe3 Rc8 15.Kh1 Nxf3
16.Qxf3 Be6 17.c3 Qe5 18.Rfd1 Rg5 19.Rd4 h5 20.Qe2 f5 21.f4 Qxf4 22.exf5 Qe5
23.fxe6 Qxe6 24.Qf3 Re5 25.Rd3 Rc4 26.Qxb7 Kf8 27.Qa8+ Kg7 28.Nc2 Re2 29.h3 Qg6
30.Re3 Rxc2 31.Rxe7 Rf4 32.Re8 Qf6 33.Rg1 Kh7 34.Qd5 Rf5 35.Qd3 Rf2 36.Ra8 Kg7
37.Rxa7 Qe5 38.b4 Rg5 39.Ra5 d5 40.Qd4 Qxd4 41.cxd4 Rb2 42.b5 Rg3 43.a4 Rd3
44.Ra7 Kg6 45.Rf1 f5 46.Ra6+ Kg5 47.b6 Kh4 48.a5 Rg3 49.b7 Rgxg2 50.b8=Q  1-0

[Event "LXVIII ch-CRC"]
[Site "San Jose Julio CRC"]
[Date "2005.07.08"]
[Round "7"]
[White "Arias Santana,M"]
[Black "Gonzalez,Be CRC"]
[Result "0-1"]
[WhiteElo "2238"]
[BlackElo "2405"]

1.e4 c5 2.Nf3 Nc6 3.d4 cxd4 4.Nxd4 Nf6 5.Nc3 d6 6.Bg5 Bd7 7.Qd2 Qa5 8.Nb3 Qc7
9.f4 a6 10.O-O-O e6 11.Be2 h6 12.Bxf6 gxf6 13.Bh5 Rh7 14.Rhf1 O-O-O 15.Rf3 Kb8
16.Ne2 Be8 17.a3 Qb6 18.f5 Ne5 19.Rc3 Bb5 20.Nf4 d5 21.Qd4 Qxd4 22.Nxd4 dxe4
23.fxe6 Be8 24.e7 Bxe7 25.Nf5 Rxd1+ 26.Kxd1 Bd8 27.Rg3 Rh8 28.Nxh6 Bd7 29.Rg8 Rxh6
30.Rxd8+ Kc7 31.Rg8 f5 32.h4 Nc4 33.Kc1 e3 34.Rg5 Kd6 35.Kd1 Nxb2+ 36.Ke2 Nc4
37.g3 Be6 38.a4 Rh8 39.Rg7 Ne5 40.Kxe3 Ke7 41.Nxe6 Kxe6 42.Be2 Kf6 43.Rg5 Rc8
44.Bd3 Nxd3 45.Kxd3  0-1

[Event "FSGM July"]
[Site "Budapest HUN"]
[Date "2005.07.10"]
[Round "9"]
[White "Bindrich,F"]
[Black "Dearing,E"]
[Result "1/2-1/2"]
[WhiteElo "2391"]
[BlackElo "2420"]

1.e4 c5 2.Nf3 d6 3.d4 cxd4 4.Nxd4 Nf6 5.Nc3 Nc6 6.Bg5 e6 7.Qd2 a6 8.O-O-O Bd7
9.f3 Be7 10.h4 h6 11.Be3 h5 12.Bg5 Ne5 13.Kb1 b5 14.Qe1 Qc7 15.Nce2 a5 16.Ng3 b4
17.f4 Neg4 18.Be2 Ne3 19.Rd3 Nc4 20.Rd1 Ne3 21.Rc1 Qb6 22.Qd2 Neg4 23.Bxg4 Nxg4
24.Bxe7 Kxe7 25.e5 f6 26.exd6+ Kf7 27.f5 Qxd6 28.fxe6+ Bxe6 29.Rhe1 Rad8
30.Qe2 Bxa2+ 31.Kxa2 Qxd4 32.Rcd1 Qc5 33.Ne4 Qc6 34.Nd6+ Kg8 35.Qe6+ Kh7
36.Qf5+ Kg8 37.Qg6 Ne5 38.Rxe5 fxe5 39.Qe6+ Kh7 40.Qf5+ Kg8 41.Qf7+ Kh7 42.Qxh5+ Kg8
43.Qf7+ Kh7 44.Qf5+ Kg8 45.Qe6+ Kh7 46.Qf5+ Kg8 47.Qf7+ Kh7 48.Qf5+  1/2-1/2

[Event "DMP 1st League"]
[Site "Koszalin POL"]
[Date "2005.07.11"]
[Round "8"]
[White "Sabuk,P"]
[Black "Pigula,M"]
[Result "0-1"]
[WhiteElo "1985"]
[BlackElo "2010"]

1.e4 c5 2.Nf3 d6 3.d4 cxd4 4.Nxd4 Nf6 5.Nc3 Nc6 6.Bg5 e6 7.Qd2 Be7 8.O-O-O Nxd4
9.Qxd4 O-O 10.f3 Qa5 11.h4 Bd7 12.Kb1 Rfc8 13.Qd2 Kh8 14.g4 Bc6 15.Bd3 b5
16.Rh3 b4 17.Ne2 Rab8 18.Nd4 Ba4 19.Be3 Nd7 20.b3 Bc6 21.g5 Nc5 22.h5 Nxd3
23.cxd3 Bb5 24.g6 Rc3 25.Nxb5 Qxb5 26.Bd4 Bf6 27.Bxc3 bxc3 28.Qc2 Bd4 29.h6 fxg6
30.hxg7+ Kxg7 31.Qh2 c2+ 32.Qxc2 Qd7 33.Rc1 Rb7 34.Rch1 h5 35.Qg2 Rb5 36.Rg3 Qf7
37.f4 a5 38.Rg5 e5 39.Qc2 Rc5 40.Qg2 Rb5 41.Qc2 Rc5 42.Qd2 exf4 43.Rxc5 dxc5
44.Rf1 f3 45.Qxa5 f2 46.Qd2 Qf6 47.a4 g5 48.a5 g4 49.e5 Qxe5 50.Rxf2 Bxf2
51.Qxf2 g3 52.Qf1 Qc3 53.Qe2 Qxb3+ 54.Kc1 Qa3+ 55.Kb1 Qb3+ 56.Kc1 Qc3+ 57.Kb1 Qb4+
58.Kc1 Qf4+ 59.Kc2 Qf2 60.Kd2 Qf4+ 61.Kc2 Qa4+ 62.Kb2 Qb4+ 63.Kc1 Qxa5 64.Qe5+ Kf8
65.Qxg3 Qa3+ 66.Kb1 Qb4+ 67.Kc1 h4 68.Qf3+ Ke7 69.Qe3+ Kf6 70.Kc2 Qd4 71.Qf3+ Kg5
72.Qg2+ Kf5 73.Qf3+ Qf4 74.Qh5+ Qg5 75.Qf3+ Kg6 76.Qe4+ Kh5 77.Qf3+ Kh6 78.Qc6+ Kg7
79.Qd7+ Kf6 80.Qd6+ Kf7 81.Qd7+ Kg6 82.Qe6+ Qf6 83.Qg4+ Kh6 84.Qg2 Qd4 85.Qf3 Kg5
86.Qg2+ Kf4 87.Qh2+ Kf3 88.Qh3+ Ke2 89.Qg2+ Qf2 90.Qe4+ Kf1+ 91.Kb3 Kg1 92.Qg4+ Kh2
93.Qe4 h3 94.Qe5+ Kg1 95.Qg5+ Kf1 96.Qc1+ Ke2 97.Qc2+ Kf3 98.Qd1+ Kg3 99.Qh5 h2
100.Qg5+ Kf3 101.Qh5+ Kg2 102.Qg4+ Qg3 103.Qe2+ Kg1 104.Qd1+ Kf2 105.Qd2+ Kf3
106.Qd1+ Ke3 107.Qc1+ Ke2 108.Qc2+ Kf3 109.Qd1+ Kf4 110.Qd2+ Ke5 111.Qe2+ Kd6
112.Qe4 Qe5  0-1

[Event "DMP 1st League"]
[Site "Koszalin POL"]
[Date "2005.07.11"]
[Round "8"]
[White "Dubinski,M"]
[Black "Galazewski,T"]
[Result "1-0"]
[WhiteElo "2067"]
[BlackElo "2173"]

1.e4 c5 2.Nf3 d6 3.d4 cxd4 4.Nxd4 Nf6 5.Nc3 Nc6 6.Bg5 e6 7.Qd2 Be7 8.O-O-O Nxd4
9.Qxd4 O-O 10.f3 Qa5 11.h4 Bd7 12.Kb1 Rfc8 13.Qd2 Kh8 14.g4 b5 15.e5 b4 16.Ne4 Nxe4
17.fxe4 Bxg5 18.Qxg5 Bc6 19.Rxd6 Bxe4 20.Rh2 h6 21.Qf4 b3 22.axb3 Qe1+ 23.Qc1 Qg3
24.Re2 Qxe5 25.Rd3 Rab8 26.Qe1 f5 27.Bg2 Rc4 28.Bxe4 fxe4 29.Rde3 Rbb4 30.Kc1 a5
31.c3 Rxb3 32.Rxe4 Rxe4 33.Rxe4 Qb5 34.Rxe6 Qc4 35.Re8+ Kh7 36.Qe4+ Qxe4
37.Rxe4 Rb5 38.Kb1 Kg6 39.Ka2 h5 40.Ka3 hxg4 41.Rxg4+ Kf6 42.b3 Rc5 43.c4 g6
44.Ka4 Re5 45.Rd4 Re3 46.Rd5 Rh3 47.Rxa5 Rxh4 48.Rd5 Rh8 49.c5 g5 50.b4 g4
51.Rd2 g3 52.Rg2 Rg8 53.b5 Ke6 54.b6 Kd7 55.Kb5 Rg4 56.c6+ Kc8 57.Re2 Rg8
58.b7+ Kc7 59.Re7+ Kd6 60.Rd7+ Ke6 61.Rd2 g2 62.c7  1-0

[Event "Viking GM"]
[Site "St Petersburg RUS"]
[Date "2005.07.11"]
[Round "5"]
[White "Klimov,S"]
[Black "Smirnov,Arte"]
[Result "1-0"]
[WhiteElo "2475"]
[BlackElo "2405"]

1.e4 c5 2.Nf3 Nc6 3.d4 cxd4 4.Nxd4 Nf6 5.Nc3 d6 6.Bg5 e6 7.Qd2 Be7 8.O-O-O Qb6
9.Nb3 O-O 10.f3 a6 11.g4 Rd8 12.Be3 Qc7 13.g5 Nd7 14.h4 b5 15.h5 b4 16.Na4 Nc5
17.Naxc5 dxc5 18.Qf2 Rxd1+ 19.Kxd1 a5 20.Nxc5 a4 21.f4 b3 22.a3 bxc2+ 23.Qxc2 e5
24.g6 exf4 25.gxf7+ Kf8 26.h6 Qd6+ 27.Kc1 g6 28.Bf2 Nd4 29.Qc4 Bf6 30.Qd5 Qxd5
31.exd5 Kxf7 32.Bc4 Bf5 33.Rd1 Rc8 34.Rxd4 Rxc5 35.Rxf4  1-0

[Event "ch-SWE"]
[Site "Goeteborg SWE"]
[Date "2005.07.12"]
[Round "10"]
[White "Hermansson,E"]
[Black "Ernst,T"]
[Result "1/2-1/2"]
[WhiteElo "2430"]
[BlackElo "2459"]

1.e4 c5 2.Nf3 d6 3.d4 cxd4 4.Nxd4 Nf6 5.Nc3 Nc6 6.Bg5 e6 7.Qd2 a6 8.O-O-O h6
9.Nxc6 bxc6 10.Bf4 d5 11.Qe3 Bb4 12.a3 Ba5 13.Be2 O-O 14.e5 Nd7 15.Qg3 Bc7
16.Kb1 Ra7 17.Bh5 f6 18.Bxh6 Qe7 19.f4 fxe5 20.Bg5 Nf6 21.fxe5 Nxh5 22.Bxe7 Nxg3
23.hxg3 Rf7 24.Bc5 Ra8 25.Rh5 g6 26.Rg5 Kg7 27.Rd4 Bd8 28.Rgg4 Bc7 29.Rg5 Bd8
30.Rgg4 Bc7 31.Rg5 Bd8  1/2-1/2

[Event "DMP 1st League"]
[Site "Koszalin POL"]
[Date "2005.07.12"]
[Round "10"]
[White "Adamski,M"]
[Black "Galazewski,T"]
[Result "1/2-1/2"]
[WhiteElo "2287"]
[BlackElo "2173"]

1.e4 c5 2.Nf3 d6 3.d4 cxd4 4.Nxd4 Nf6 5.Nc3 Nc6 6.Bg5 e6 7.Qd2 Qb6 8.Nb3 Be7
9.Be3 Qc7 10.Be2 O-O 11.O-O a6 12.a4 Ne5 13.a5 Bd7 14.Bb6 Qc8 15.f4 Nc4 16.Bxc4 Qxc4
17.Nd4 Bd8 18.b3 Qb4 19.Nb1 Qxd2 20.Nxd2 Bxb6 21.axb6 e5 22.fxe5 dxe5 23.N4f3 Rfe8
24.Ra5 Rac8 25.c4 Bc6 26.Nxe5 Rcd8 27.Nxc6 Rxd2 28.e5 Nd7 29.Nb4 Nxb6 30.Rf2 Rd1+
31.Rf1 Rd2  1/2-1/2

[Event "16th Open"]
[Site "Ljubljana SLO"]
[Date "2005.07.12"]
[Round "6"]
[White "Babataeva,I"]
[Black "Ushenina,A"]
[Result "1/2-1/2"]
[WhiteElo "2141"]
[BlackElo "2389"]

1.e4 c5 2.Nf3 d6 3.d4 cxd4 4.Nxd4 Nf6 5.Nc3 Nc6 6.Bg5 Bd7 7.Qd2 Rc8 8.O-O-O Qa5
9.f4 Nxd4 10.Qxd4 Qc5  1/2-1/2

[Event "ch-SWE"]
[Site "Goeteborg SWE"]
[Date "2005.07.14"]
[Round "12"]
[White "Carlsson,P"]
[Black "Ernst,T"]
[Result "0-1"]
[WhiteElo "2394"]
[BlackElo "2459"]

1.e4 c5 2.Nf3 d6 3.d4 cxd4 4.Nxd4 Nf6 5.Nc3 Nc6 6.Bg5 e6 7.Qd2 a6 8.O-O-O h6
9.Nxc6 bxc6 10.Bf4 d5 11.Qe3 Qa5 12.Be2 dxe4 13.Qg3 Nd5 14.Nxd5 cxd5 15.Kb1 Bd7
16.c4 Bc6 17.Bc7 Qb4 18.cxd5 Bxd5 19.Rxd5 exd5 20.Rd1 Qb7 21.Qe5+ Be7 22.Qxg7 Rf8
23.Qe5 Rg8 24.Rc1 Rc8 25.Bd1 Qb5 26.a4 Qd7 27.Bb3 Rg5 28.Qh8+ Bf8 29.h4 Rxg2
30.Qe5+ Qe6 31.Qh5 Bg7 32.Bxd5 Qf6 33.Qe2 Rxf2 34.Qxe4+ Qe7 35.Qxe7+ Kxe7
36.Re1+ Kd7 37.Be5 Bxe5 38.Rxe5 Kd6 39.Rh5 Rc5  0-1

[Event "inAUTOmarket Open"]
[Site "Minsk BLR"]
[Date "2005.07.14"]
[Round "5"]
[White "Kurenkov,N"]
[Black "Smirnov,Va"]
[Result "0-1"]
[WhiteElo "2455"]
[BlackElo "2388"]

1.e4 c5 2.Nf3 d6 3.d4 cxd4 4.Nxd4 Nf6 5.Nc3 Nc6 6.Bg5 e6 7.Qd2 a6 8.O-O-O Bd7
9.f4 b5 10.Bxf6 gxf6 11.Nxc6 Bxc6 12.Bd3 Qb6 13.Rhe1 O-O-O 14.Kb1 Kb8 15.Ne2 d5
16.e5 f5 17.c3 Bc5 18.Bc2 b4 19.Nd4 Bb7 20.Re3 Rc8 21.Rg3 Rhg8 22.Rxg8 Rxg8
23.g3 Rc8 24.cxb4 Bxb4 25.Qe2 Bc5 26.Nb3 Be3 27.Na5 Bd4 28.Nb3 Be3 29.Qd3 Rc4
30.Re1 Bf2 31.Rf1 Rb4 32.Qc3 Be3 33.Re1 Bf2 34.Re2 a5 35.Qd2 Bg1 36.Bd1 Ba6
37.Rg2 Be3 38.Qe1 a4 39.Nc1 Bd4 40.Qd2 Bf1 41.a3 Rc4 42.Be2 Rxc1+ 43.Qxc1 Bxg2  0-1

[Event "27th Open"]
[Site "Oberwart AUT"]
[Date "2005.07.14"]
[Round "6"]
[White "Luther,T"]
[Black "Shengelia,D"]
[Result "1-0"]
[WhiteElo "2540"]
[BlackElo "2525"]

1.e4 c5 2.Nf3 d6 3.d4 cxd4 4.Nxd4 Nf6 5.Nc3 Nc6 6.Bg5 e6 7.Qd2 Be7 8.O-O-O Nxd4
9.Qxd4 a6 10.h4 b5 11.e5 dxe5 12.Qxe5 Bd7 13.Ne4 Nxe4 14.Qxe4 f5 15.Qb7 Bxg5+
16.hxg5 Qxg5+ 17.Kb1 Rd8 18.Be2 Qe7 19.Bh5+ Kf8 20.Rd3 g6 21.Rhd1 Be8 22.Qxe7+ Kxe7
23.Rxd8 gxh5 24.R1d7+ Bxd7 25.Rxh8 Bc6 26.Rxh7+ Kd6 27.g3 Bf3 28.Kc1 Kc5
29.Kd2 a5 30.Ke3 Bd1 31.c3 b4 32.cxb4+ axb4 33.Rc7+ Kd6 34.Rc4  1-0

[Event "inAUTOmarket Open"]
[Site "Minsk BLR"]
[Date "2005.07.16"]
[Round "7"]
[White "Zhigalko,A"]
[Black "Yarmysty,M"]
[Result "1-0"]
[WhiteElo "2526"]
[BlackElo "2347"]

1.e4 c5 2.Nf3 d6 3.d4 cxd4 4.Nxd4 Nf6 5.Nc3 Nc6 6.Bg5 e6 7.Qd2 a6 8.O-O-O Bd7
9.f3 Be7 10.Kb1 b5 11.h4 h6 12.Be3 h5 13.Nxc6 Bxc6 14.Ne2 Rc8 15.Nd4 Bb7
16.Bg5 g6 17.Bd3 Nd7 18.Rhe1 Bxg5 19.hxg5 e5 20.Nb3 Nc5 21.Bf1 Nxb3 22.axb3 O-O
23.f4 exf4 24.Qxf4 Rc5 25.Rxd6 Qxg5 26.Qf2 Re5 27.Bd3 Rfe8 28.Rf6 Bxe4 29.Rxe4 Rxe4
30.Bxe4 Rxe4 31.Rxf7 Re8 32.Ra7 Rf8 33.Qb6 Qf6 34.Qb7 Rf7 35.Qc8+ Rf8 36.Qb7 Rf7
37.Qa8+ Rf8 38.Qd5+ Rf7 39.Rd7 Qf5 40.Rd8+ Kh7 41.Qc6 Qf2 42.Qe8 Qf6 43.Ra8 Re7
44.Qc8 b4 45.Rxa6 Qe5 46.Ka2  1-0

[Event "inAUTOmarket Open"]
[Site "Minsk BLR"]
[Date "2005.07.17"]
[Round "8"]
[White "Konstantinov,Mi"]
[Black "Doukhine,I"]
[Result "0-1"]
[WhiteElo "2263"]
[BlackElo "2381"]

1.e4 c5 2.Nf3 d6 3.d4 cxd4 4.Nxd4 Nf6 5.Nc3 Nc6 6.Bg5 Bd7 7.Qd2 Rc8 8.O-O-O Nxd4
9.Qxd4 Qa5 10.f4 e6 11.Be2 Bc6 12.Bxf6 gxf6 13.f5 Qe5 14.Qxa7 Bh6+ 15.Kb1 O-O
16.Qf2 Kh8 17.Rd3 Rg8 18.Qh4 Bg5 19.Qh5 Bxe4 20.Nxe4 Qxe4 21.fxe6 fxe6 22.Bf3 Qc4
23.Rc3 Qf4 24.g3 Qa4 25.Rxc8 Rxc8 26.b3 Qd7 27.Rd1 d5 28.Be4 Qe7 29.h4 Be3
30.Qe2 Qc5 31.Bd3 f5 32.Re1 Bd4 33.c4 Bg7 34.Qxe6 Rf8 35.Qe3 Qd6 36.Qe7 Qxg3
37.Qe2 dxc4 38.bxc4 Qd6 39.Qd2 Ra8 40.Re2 Qb6+ 41.Kc1 Bh6  0-1

[Event "Politiken Cup"]
[Site "Copenhagen DEN"]
[Date "2005.07.18"]
[Round "4"]
[White "Andersen,IbH"]
[Black "Johansen,J"]
[Result "1/2-1/2"]
[WhiteElo "2160"]
[BlackElo "1982"]

1.e4 c5 2.Nf3 Nc6 3.d4 cxd4 4.Nxd4 Nf6 5.Nc3 d6 6.Bg5 e6 7.Qd2 a6 8.O-O-O Be7
9.f4 Bd7 10.Nde2 Rc8 11.Kb1 b5 12.Ng3 Qc7 13.Bxb5 axb5 14.Nxb5 Qb8 15.Nxd6+ Bxd6
16.Qxd6 Qxd6 17.Rxd6 Nb8 18.Rhd1 Ng4 19.Nf1 f6 20.Bh4 Nh6 21.Bf2 Nf7 22.R6d2 Ke7
23.b3 Bc6 24.Bc5+ Ke8 25.Ng3 Na6 26.Ba3 Nc7 27.c4 g6 28.b4 e5 29.Rf1 Ne6
30.fxe5 fxe5 31.b5 Ba8 32.c5 Nd4 33.Rb2 Rb8 34.b6 Bc6 35.h4 Ke7 36.Rb4 Nd8
37.Kb2 N8e6 38.Kc3 Nb5+ 39.Kb2 Nbd4 40.Kc3 Ra8 41.Kb2 Rhf8 42.Rxf8 Rxf8 43.Kc3 Kd7
44.Rb2 Nb5+ 45.Kb4 Ra8 46.Rd2+ Ned4 47.Bc1 Ke6 48.a4 Na3 49.Kxa3 Rxa4+ 50.Kb2 Rc4
51.Kb1 Rxc5 52.Rb2 Rc3 53.b7 Bxb7 54.Rxb7 Rxg3 55.Rxh7 Rxg2 56.Bg5 Rg4 57.Re7+ Kd6
58.Rg7 Rxe4 59.Rxg6+ Ne6 60.h5 Re1+ 61.Kc2 Rh1 62.h6 Kd5 63.Be3 e4 64.Rf6 Ke5
65.Rf7 Nd4+ 66.Bxd4+  1/2-1/2

[Event "Politiken Cup"]
[Site "Copenhagen DEN"]
[Date "2005.07.21"]
[Round "7"]
[White "Kenyon,S"]
[Black "Wiecker,S"]
[Result "1-0"]
[WhiteElo "1671"]
[BlackElo "1985"]

1.e4 c5 2.Nf3 Nc6 3.d4 cxd4 4.Nxd4 Nf6 5.Nc3 d6 6.Bg5 e6 7.f4 Qb6 8.Bb5 Bd7
9.Bxc6 Bxc6 10.Nxc6 Qe3+ 11.Qe2 Qxe2+ 12.Kxe2 bxc6 13.Rad1 Be7 14.Rd4 Rb8
15.b3 d5 16.e5 Ng8 17.Bxe7 Nxe7 18.Ra4 Rb7 19.Ra6 O-O 20.Na4 h5 21.Rd1 Rc8
22.Nc5 Rb5 23.Nd3 Rc7 24.a4 Rb6 25.Ra5 Nf5 26.Nc5 Rb4 27.c3 Rb6 28.b4 d4
29.Kd3 dxc3 30.Kxc3 Ne3 31.Rd8+ Kh7 32.g3 Nd5+ 33.Kd2 Rxb4 34.Ra8 Rb2+ 35.Kc1 Rxh2
36.R5xa7 Rxa7 37.Rxa7 Kg6 38.a5 Ra2 39.Nd7 Kf5 40.Nb8 Kg6 41.Nxc6 Ra3 42.Nd8 Rxg3
43.Rxf7 Ra3 44.Rf8 Nc7 45.Nxe6 Rxa5 46.f5+ Kh7 47.Ng5+ Kh6 48.Nf7+  1-0

[Event "BUL-TUR Friendly Match"]
[Site "Svilengrad BUL"]
[Date "2005.07.21"]
[Round "2"]
[White "Erdogdu,M"]
[Black "Rusev,K"]
[Result "1/2-1/2"]
[WhiteElo "2403"]
[BlackElo "2426"]

1.e4 c5 2.Nf3 d6 3.d4 Nf6 4.Nc3 cxd4 5.Nxd4 Nc6 6.Bg5 e6 7.Qd2 Be7 8.O-O-O Nxd4
9.Qxd4 O-O 10.f3 a6 11.h4 b5 12.Kb1 Bb7 13.Qd2 Rc8 14.Bd3 Nd7 15.Bxe7 Qxe7
16.a3 Ne5 17.f4 Nxd3 18.Qxd3 Rfd8 19.Qe3 Rc4 20.g3  1/2-1/2

[Event "Open A"]
[Site "Pardubice CZE"]
[Date "2005.07.22"]
[Round "1"]
[White "Venkatesh,M"]
[Black "Parligras,C"]
[Result "1-0"]
[WhiteElo "2435"]
[BlackElo "2244"]

1.e4 c5 2.Nf3 Nc6 3.d4 cxd4 4.Nxd4 d6 5.Nc3 Nf6 6.Bg5 Bd7 7.Nb3 e6 8.Qd2 a6
9.O-O-O h6 10.Bh4 Be7 11.f4 g5 12.fxg5 Ng4 13.Be2 Nge5 14.Kb1 hxg5 15.Bf2 Na5
16.Nxa5 Qxa5 17.Be3 Rg8 18.Qe1 Rc8 19.Qf2 Rc6 20.Rhf1 Kd8 21.a3 Kc8 22.Na2 Kb8
23.Nb4 Rgc8 24.Nxc6+ Rxc6 25.Bd4 Be8 26.Bh5 Nc4 27.Bxf7 Bd7 28.Rd3 Qb5 29.Rfd1 a5
30.Rb3 Qa6 31.Bh5 a4 32.Rg3 e5 33.Bc3 Qb5 34.Qf7 Nxb2 35.Bxb2 Rb6 36.Qa2 Be6
37.Qa1 Ka7 38.Kc1 g4 39.Bc3 d5 40.exd5 Bxd5 41.Bb4 Qe2 42.Bxe7 Bf3 43.Rxf3 gxf3
44.Bxf3  1-0

[Event "Open A"]
[Site "Pardubice CZE"]
[Date "2005.07.22"]
[Round "1"]
[White "Biros,R"]
[Black "Poobesh Anand,S"]
[Result "0-1"]
[WhiteElo "2200"]
[BlackElo "2372"]

1.e4 c5 2.Nf3 Nc6 3.d4 cxd4 4.Nxd4 Nf6 5.Nc3 d6 6.Bg5 Bd7 7.Qd2 Rc8 8.Be2 Nxd4
9.Qxd4 Qa5 10.Be3 a6 11.O-O e5 12.Qa7 Qc7 13.Rfd1 Be7 14.Qb6 Qxb6 15.Bxb6 Rc6
16.Be3 O-O 17.Rd2 Rxc3 18.bxc3 Nxe4 19.Rb1 b5 20.Rd3 Rc8 21.Bd2 Nc5 22.Be1 Nxd3
23.cxd3 Be6 24.Bd1 Bf5 25.Bc2 d5 26.Bb3 Bxd3 27.Rd1 Bc4 28.Bxc4 dxc4 29.Rd7 Bf8
30.Ra7 Rc6 31.Kf1 g6 32.Bd2 Kg7 33.Ra8 Ba3 34.Re8 b4 35.Rxe5 b3 36.Re1 Bb2
37.axb3 cxb3 38.c4 Bf6 39.Ke2 Rxc4 40.Rb1 b2 41.Kd3 Rc5 42.Be3 Rc3+ 43.Kd2 Rb3
44.Kc2 Rb5 45.g4 a5 46.f4 h6 47.h4 Bxh4 48.Rxb2 Rxb2+ 49.Kxb2 Be1 50.Bd4+ Kh7
51.Kc2 h5 52.Kd1 Bg3 53.gxh5 Bxf4 54.hxg6+ Kxg6 55.Kc2 Bc7 56.Kd3 Kf5 57.Kc4 Ke4
58.Bf6 Bd6 59.Kb5 Bb4 60.Kc4 Bd2 61.Kb3 Kf5 62.Bd4 f6 63.Kc2 Bb4 64.Kd3 Ke6
65.Kc4 f5 66.Kd3 Kd5 67.Ke3 Bc5  0-1

[Event "Open A"]
[Site "Pardubice CZE"]
[Date "2005.07.22"]
[Round "1"]
[White "Smirnov,I UKR"]
[Black "Balenovic,Z"]
[Result "1-0"]
[WhiteElo "2451"]
[BlackElo "2256"]

1.e4 c5 2.Nf3 Nc6 3.d4 cxd4 4.Nxd4 Nf6 5.Nc3 d6 6.Bg5 e6 7.Qd2 Qb6 8.Nb3 Be7
9.O-O-O O-O 10.f3 Rd8 11.Be3 Qc7 12.Qf2 Bd7 13.g4 Be8 14.Kb1 Nd7 15.h4 a6
16.g5 b5 17.h5 Nce5 18.g6 fxg6 19.hxg6 Bxg6 20.Bh3 Bf7 21.Rdg1 Rac8 22.Nd4 Nf8
23.f4 Nc4 24.f5 Nxe3 25.fxe6 Bg6 26.Qxe3 Qc5 27.Nd5 Re8 28.Rxg6 Nxg6 29.Bf5 Bf6
30.Nxf6+ gxf6 31.Qh6 Rc7 32.Bxg6 Ree7 33.Bf7+ Rxf7 34.exf7+ Rxf7 35.Nf5 Qe5
36.Rg1+ Kh8 37.Rg7  1-0

[Event "Open A"]
[Site "Pardubice CZE"]
[Date "2005.07.23"]
[Round "2"]
[White "Bakre,T"]
[Black "Shetty,R"]
[Result "1-0"]
[WhiteElo "2467"]
[BlackElo "2367"]

1.e4 c5 2.Nf3 d6 3.d4 cxd4 4.Nxd4 Nf6 5.Nc3 Nc6 6.Bg5 e6 7.Qd2 a6 8.O-O-O Nxd4
9.Qxd4 Be7 10.h4 b5 11.e5 dxe5 12.Qxe5 Qb6 13.Ne4 Nxe4 14.Bxe7 Bb7 15.Bb4 f6
16.Qh5+ g6 17.Qh6 Bd5 18.Bd3 O-O-O 19.Bxe4 Bxe4 20.f3 Bd5 21.Qg7 Kb8 22.Qxf6 Rhe8
23.Rhe1 Qc6 24.Rd3 Rc8 25.Rc3 Qd7 26.b3 Rxc3 27.Qxc3 Kb7 28.Kb2 Rc8 29.Qd3 Qd8
30.Qd4 Qb6 31.Bc3 Qxd4 32.Bxd4 a5 33.Kc1 a4 34.Kd2 axb3 35.axb3 Ra8 36.Ke3 Kc6
37.Kf4 Rf8+ 38.Kg4 b4 39.Ra1 Kb5 40.Be5 h5+ 41.Kg3 Rc8 42.Ra2 Bb7 43.Kf4 Rc5
44.Bg7 g5+ 45.Kg3 gxh4+ 46.Kxh4 e5 47.Kxh5 e4+ 48.Kg4 e3 49.Bd4 e2 50.Bf2 Rd5
51.Ra7 Kc6 52.Ra4 Rd1 53.Rxb4 e1=Q 54.Rc4+ Kd7 55.Bxe1 Rxe1 56.Kf4 Bd5 57.Rc3 Re2
58.g4 Kd6 59.g5 Rf2 60.Kg4 Rg2+ 61.Kf5 Rg3 62.Kf6 Rg2  1-0

[Event "Open A"]
[Site "Pardubice CZE"]
[Date "2005.07.23"]
[Round "2"]
[White "Ninov,N"]
[Black "Filipenko,A"]
[Result "1-0"]
[WhiteElo "2493"]
[BlackElo "2380"]

1.e4 c5 2.Nf3 Nc6 3.d4 cxd4 4.Nxd4 Nf6 5.Nc3 d6 6.Bg5 e6 7.Qd2 a6 8.O-O-O Be7
9.f4 Nxd4 10.Qxd4 b5 11.Bxf6 gxf6 12.f5 Qa5 13.fxe6 fxe6 14.Kb1 b4 15.Ne2 Kf7
16.Nf4 Qe5 17.Qf2 a5 18.Bc4 a4 19.Rd5 exd5 20.Bxd5+ Be6 21.Nxe6 a3 22.Nd4+ Kg6
23.Bxa8 Rxa8 24.Qf5+ Qxf5 25.exf5+ Kg5 26.Rf1 d5 27.Ne6+ Kg4 28.Rf4+ Kh5
29.g3  1-0

[Event "Open A"]
[Site "Pardubice CZE"]
[Date "2005.07.23"]
[Round "2"]
[White "Petrik,T"]
[Black "Vovk,A"]
[Result "1/2-1/2"]
[WhiteElo "2451"]
[BlackElo "2339"]

1.e4 c5 2.Nf3 d6 3.d4 cxd4 4.Nxd4 Nf6 5.Nc3 Nc6 6.Bg5 e6 7.Qd2 a6 8.O-O-O Bd7
9.f4 b5 10.Bxf6 gxf6 11.Kb1 b4 12.Nce2 Qb6 13.Nxc6 Bxc6 14.Ng3 h5 15.h4 Qc5
16.Be2 a5 17.Bf3 a4 18.Qd4 Be7 19.Qxc5 dxc5 20.Nxh5 f5 21.Ng3 Rg8 22.Rh3 Bxh4
23.Rxh4 Rxg3 24.exf5 Bxf3 25.gxf3 Ke7 26.Rh6 exf5 27.Re1+ Kf8 28.Rh8+ Rg8
29.Rxg8+ Kxg8 30.Kc1 Rc8 31.Re5 f6 32.Re7 Rd8 33.Rc7 Rd4 34.Rxc5 Rxf4 35.Rb5 Kf7
36.Kd2 Ke6 37.Ke3 Rc4 38.Rb6+ Ke5 39.Rb5+ Ke6 40.b3 Rxc2 41.bxa4 Rxa2 42.Rxb4 Ke5
43.Rb5+ Ke6 44.Rb6+ Ke5 45.Rb5+ Ke6 46.Ra5 Rb2 47.Ra6+ Ke5 48.f4+ Kd5 49.Ra5+ Ke6
50.Rb5 Ra2 51.a5 Ra4 52.Rb6+ Kd5 53.Rb5+ Ke6 54.Rc5 Re4+ 55.Kf3 Ra4 56.Rb5 Ra3+
57.Ke2 Ra4 58.Ke3 Re4+ 59.Kf3 Ra4 60.Rb6+ Kd5  1/2-1/2

[Event "Politiken Cup"]
[Site "Copenhagen DEN"]
[Date "2005.07.24"]
[Round "10"]
[White "Nielsen,Ma"]
[Black "Kargin,A"]
[Result "1-0"]
[WhiteElo "2244"]
[BlackElo "2408"]

1.e4 c5 2.Nf3 d6 3.d4 cxd4 4.Nxd4 Nf6 5.Nc3 Nc6 6.Bg5 e6 7.Qd2 Be7 8.O-O-O O-O
9.Nb3 a6 10.Bxf6 gxf6 11.Qh6 Kh8 12.Qh5 Rg8 13.Qxf7 Rg6 14.f4 Bf8 15.Nc5 Bh6
16.Nxe6 Bxe6 17.Qxe6 Bxf4+ 18.Kb1 Be5 19.Nd5 b5 20.g3 Rb8 21.Nf4 Rh6 22.Qd5 Qc8
23.Qd2 f5 24.exf5 Qxf5 25.Bg2 Nd4 26.Ne2 Nxe2 27.Qxh6 Bxb2 28.Rhf1 Qc8 29.Be4 Nc3+
30.Kxb2 Nxe4 31.Qe3 Qc4 32.Rf4 Qb4+ 33.Kc1 Re8 34.Qd4+ Qxd4 35.Rxd4 d5 36.Kb2 Re5
37.Rf8+ Kg7 38.Ra8 Nc5 39.Rd8 Na4+ 40.Ka3 Nb6 41.Kb4 Kf7 42.Rd6 Nc4 43.Rxa6 Ne3
44.Rd2 d4 45.Ra7+ Ke6 46.Rxh7 Nd5+ 47.Kb3 Re1 48.Rxd4 Rb1+ 49.Ka3 b4+ 50.Ka4 Nc3+
51.Ka5 Rb2 52.Rd2 Nb1 53.Rdd7 Nc3 54.h4 Nd5 55.Rxd5 Kxd5 56.Rc7 Kd6 57.Rc8 Ke5
58.h5 Kf5 59.h6 Kg6 60.Rc6+ Kh7 61.g4 Rb1 62.g5 Rb2 63.Kb5 Rxa2 64.Kxb4 Rb2+
65.Kc3 Rb5 66.Rc7+  1-0